Journal of micromanufacturing (Record no. 168241)
[ view plain ]
| 000 -LEADER | |
|---|---|
| fixed length control field | 00491nas a22001937a 4500 |
| 001 - CONTROL NUMBER | |
| control field | dpl |
| 005 - DATE AND TIME OF LATEST TRANSACTION | |
| control field | 20190930114143.0 |
| 008 - FIXED-LENGTH DATA ELEMENTS--GENERAL INFORMATION | |
| fixed length control field | 190930b ||||| |||| 00| 0 eng d |
| 022 ## - INTERNATIONAL STANDARD SERIAL NUMBER | |
| International Standard Serial Number | 2516-5934 |
| 040 ## - CATALOGING SOURCE | |
| Language of cataloging | eng |
| 245 00 - TITLE STATEMENT | |
| Title | Journal of micromanufacturing |
| 260 ## - PUBLICATION, DISTRIBUTION, ETC. (IMPRINT) | |
| Place of publication, distribution, etc | New Delhi : |
| Name of publisher, distributor, etc | Sage Publications, |
| Date of publication, distribution, etc | 2019- |
| 300 ## - PHYSICAL DESCRIPTION | |
| Extent | v. : |
| Other physical details | ill. ; |
| Dimensions | 28 cm. |
| 310 ## - CURRENT PUBLICATION FREQUENCY | |
| Current publication frequency | bi-annually |
| 590 ## - LOCAL NOTE (RLIN) | |
| Local note | SERBIB/SERLOC merged record |
| 651 #0 - SUBJECT ADDED ENTRY--GEOGRAPHIC NAME | |
| Form subdivision | Periodicals. |
| 906 ## - LOCAL DATA ELEMENT F, LDF (RLIN) | |
| c | serials |
| 942 ## - ADDED ENTRY ELEMENTS (KOHA) | |
| Source of classification or shelving scheme | Dewey Decimal Classification |
| Item type | Periodicals |
| Serial record | 1 |
| Withdrawn status | Lost status | Source of classification or shelving scheme | Damaged status | Not for loan | Collection code | Home library | Current library | Date acquired | Source of acquisition | Total Checkouts | Date last seen | Price effective from | Koha item type |
|---|---|---|---|---|---|---|---|---|---|---|---|---|---|
| Dewey Decimal Classification | Not For Loan | Non-fiction | D.B.Act.Division | D.B.Act.Division | 30/09/2019 | DBAD/PUB | 30/09/2019 | 30/09/2019 | Periodicals |
